00310nam a22000977a 4500008004100000041000800041080001000049100000600059101001100065245013600076180606b xxu||||| |||| 00| 0 eng d aeng a043.3 a0 aMBE-BA aAnalysis of Trade Interdependency, Trade Dependency and Comparative Advantages of Trade between Kosovo and Balkan StatescHyseni, T